000 01057nam a2200217Ia 4500
005 20251215152028.0
008 250219s9999||||xx |||||||||||||| ||und||
100 _aفارس، عبد الغني
245 0 _aدراسة التوجه العام لعمال مدربي و مؤطري النشاطات البدنية و الرياضية في مجال الاعداد الرياضي المتعدد الابعاد
260 _aالجزائر
_c2018
300 _a152 و.
_c30 سم.
502 _aدكتوراه
502 _cمعهد التربية البدنية و الرياضية، جامعة الجزائر 3
653 _aالاكاديميات الرياضية
653 _aالمدرب الرياضي
653 _aنظرية و منهجية التربية البدنية و الرياضية
700 _aقصري, ناصر الدين
710 _aمعهد التربية البدنية و الرياضية، جامعة الجزائر 3
856 _u https://dspace.univ-alger3.dz/jspui/handle/123456789/3372
942 _cأطروحات
999 _c14337
_d14337